Statistics for Types of Things #6

Click here to take the quiz!

General Stats

  • This quiz has been taken 47,594 times
  • The average score is 15 of 20

Answer Stats

These are Types ofThis% Correct
Dark, Milk, HotChocolate
96%
Sombrero, Beret, FezHat
96%
Macaroni, Tortellini, ZitiPasta
95%
Wedding, Birthday, BundtCake
93%
Incisor, Canine, BicuspidTooth
89%
Mandarin, Cantonese, WuChinese
87%
Cirrus, Stratus, CumulusCloud
86%
Challah, Focaccia, Naan Bread
85%
Katana, Sabre, ScimitarSword
82%
Latex, Oil, AcrylicPaint
81%
Sock, Shadow, MarionettePuppet
78%
Serif, Sans Serif, DecorativeFont
77%
Cross-Country, Alpine, TelemarkSkiing
76%
Junk, Sloop, CatamaranBoat
75%
Wild, Basmati, ArborioRice
75%
Natural, Irrational, ImaginaryNumber
47%
Municipal, Corporate, BailBond
40%
Ashkenazi, Sephardi, MizrahiJew
38%
Concord, Globe, MuscadineGrape
37%
Death, Glam, NuMetal
37%

Score Distribution

Percentile by Number Answered

Percent of People with Each Score

Your Score History

You have not taken this quiz